MARC details
| 000 -CABECERA |
| campo de control de longitud fija |
02297nam a2200265 a 4500 |
| 001 - NÚMERO DE CONTROL |
| campo de control |
000033623 |
| 003 - IDENTIFICADOR DEL NÚMERO DE CONTROL |
| campo de control |
DO-SdBNP |
| 005 - FECHA Y HORA DE LA ÚLTIMA TRANSACCIÓN |
| campo de control |
20250318152107.0 |
| 007 - CAMPO FIJO DE DESCRIPCIÓN FÍSICA--INFORMACIÓN GENERAL |
| campo de control de longitud fija |
ta |
| 008 - DATOS DE LONGITUD FIJA--INFORMACIÓN GENERAL |
| campo de control de longitud fija |
110901s1892 es ac r 001 0 spa d |
| 040 ## - FUENTE DE LA CATALOGACIÓN |
| Centro catalogador/agencia de origen |
DO-SdBNP |
| Lengua de catalogación |
spa |
| Centro/agencia transcriptor |
BNPHU |
| 082 #4 - NÚMERO DE LA CLASIFICACIÓN DECIMAL DEWEY |
| Número de clasificación |
970.015 |
| Número de documento/Ítem |
C947a |
| Número de edición |
22 |
| 100 1# - ENTRADA PRINCIPAL--NOMBRE DE PERSONA |
| Nombre de persona |
Cronau, Rodolfo |
| Fechas asociadas al nombre |
1855-1939 |
| 9 (RLIN) |
59096 |
| 245 10 - MENCIÓN DE TÍTULO |
| Título |
América : |
| Resto del título |
historia de su descubrimiento desde los tiempo primitivos hasta los más modernos / |
| Mención de responsabilidad, etc. |
Rodolfo Cronau. |
| 246 08 - FORMA VARIANTE DE TÍTULO |
| Título propio/Titulo breve |
América |
| 260 ## - PUBLICACIÓN, DISTRIBUCIÓN, ETC. |
| Lugar de publicación, distribución, etc. |
Barcelona : |
| Nombre del editor, distribuidor, etc. |
Montaner y Simón, |
| Fecha de publicación, distribución, etc. |
1892. |
| 300 ## - DESCRIPCIÓN FÍSICA |
| Extensión |
3 v. : |
| Otras características físicas |
il., retrs. ; |
| Dimensiones |
24 cm. |
| 500 ## - NOTA GENERAL |
| Nota general |
Incluye referencias bibliográficas y notas al pie de las páginas |
| 505 0# - NOTA DE CONTENIDO CON FORMATO |
| Nota de contenido con formato |
V.1. |
| Identificador Uniforme del Recurso |
<a href=" De las materias que contienen este Tomo."> De las materias que contienen este Tomo.</a> |
| Título |
Prefacio.-- |
| -- |
El tiempo prehitórico de América.-- |
| -- |
Los habitantes de América en el tiempo prehistórico.-- |
| -- |
Los mound-builders.-- |
| -- |
Los cliff dwellers (casa de peñascos) y los indios de Puebla |
| -- |
Los antiguos pueblos cultos de México y de la América Central.-- |
| -- |
Los antiguos pueblos cultos de México y de la América del Sur.-- |
| -- |
Presentimiento de la existencia de un mundo occidental arraigado en la antiguedad.-- |
| -- |
Viajes imaginario o verdaderos a América antes de Colón.-- |
| -- |
Viajes realizados por los escandinavos a Groenlandia y Finlandia.-- |
| -- |
Tradiciones de Hultramannalanndia.-- |
| -- |
Viaje de los hermanos NIcolás y Antonio Zeno a Frisia, Islandia, Groenlandia, Estotilandia e Icaria.-- |
| -- |
Islas fabulosas del Océano Atlántico.-- |
| -- |
Cristóbal Colón y su proyecto de una travesía occidental a la India.-- |
| -- |
Genealogía de la familia Colón.-- |
| -- |
Travesía de Colón por el Océano y descubrimiento de América.-- |
| -- |
El diario de Colón durante su travesía por las Lucayas.-- |
| -- |
¿Dónde está situada Guanahani? |
| -- |
Prosigue Colón su viaje hacia Cuba y la Española.-- |
| -- |
El regreso.-- |
| -- |
El reparto de la tierra.-- |
| -- |
Segundo viaje de colón.-- |
| -- |
Tercer viaje de Colón.-- |
| -- |
Último viaje de Colón.-- |
| -- |
Los últimos años de la vida de Colón y su muerte.-- |
| -- |
Colón como hombre y como descubridor.-- |
| -- |
Los restos de Colón. |
| 590 ## - NOTA LOCAL (RLIN) |
| Nota local |
Inventariado, 2019/BT |
| 651 #4 - PUNTO DE ACCESO ADICIONAL DE MATERIA--NOMBRE GEOGRÁFICO |
| Nombre geográfico |
América -- |
| Subdivisión general |
Descubrimiento y exploración -- |
| -- |
Españoles |
| 9 (RLIN) |
544 |
| Subdivisión de forma |
Ensayo, conferencias, etc. |
| 651 #4 - PUNTO DE ACCESO ADICIONAL DE MATERIA--NOMBRE GEOGRÁFICO |
| Nombre geográfico |
América |
| Subdivisión general |
Historia |
| 9 (RLIN) |
865 |
| 910 ## - DATOS DE OPCIÓN DEL USUARIO (OCLC) |
| Datos de opción del usuario |
Validado. Control de calidad MFF |
| 942 ## - ELEMENTOS DE PUNTO DE ACCESO ADICIONAL (KOHA) |
| Fuente del sistema de clasificación o colocación |
Dewey Decimal Classification |
| Tipo de ítem Koha |
Libro |